Hall v Moore & Ors (Record no. 80655)
[ view plain ]
| 000 -LEADER | |
|---|---|
| fixed length control field | 01402cad a22002295a 4500 |
| 001 - CONTROL NUMBER | |
| control field | L144940 |
| 008 - FIXED-LENGTH DATA ELEMENTS--GENERAL INFORMATION | |
| fixed length control field | 080826e20080710xxk f v 000 0 eng d |
| 035 ## - SYSTEM CONTROL NUMBER | |
| System control number | (Sirsi) u144940 |
| 041 0# - LANGUAGE CODE | |
| Language code of text/sound track or separate title | eng |
| 245 00 - TITLE STATEMENT | |
| Title | Hall v Moore & Ors |
| Medium | [electronic resource] |
| 260 ## - PUBLICATION, DISTRIBUTION, ETC. | |
| Date of publication, distribution, etc. | 2008 |
| 520 ## - SUMMARY, ETC. | |
| Summary, etc. | [2008] EWCA Civ 965, 10 July 2008. Case rested upon the right of appeal in relation to rights of common. Appellant (H) sought to appeal his right to access to common lands as a tenant of the Trustees of Stanbroke Abbey, asserting that the respondents had blocked his access to said lands. H maintained that he should have access to the common rights enjoyed by his father, the previous owner of his property. Application granted: the judge rules that the appellant should be allowed to appeal on the basis of whether or not a schedule reserved the rights of trustees to access to common land. Other aspects of H's request to appeal were restricted, with the judge allowing an appeal solely on aspects of the schedule. |
| 590 ## - LOCAL NOTE (RLIN) | |
| Local note | KA |
| 650 24 - SUBJECT ADDED ENTRY--TOPICAL TERM | |
| Topical term or geographic name entry element | HALL V MOORE & ORS |
| 650 24 - SUBJECT ADDED ENTRY--TOPICAL TERM | |
| Topical term or geographic name entry element | HARRIS V KNIGHT |
| 650 24 - SUBJECT ADDED ENTRY--TOPICAL TERM | |
| Topical term or geographic name entry element | LAW OF PROPERTY ACT 1925 S62 |
| 650 24 - SUBJECT ADDED ENTRY--TOPICAL TERM | |
| Topical term or geographic name entry element | WHEELDON V BURROWS |
| 651 #4 - SUBJECT ADDED ENTRY--GEOGRAPHIC NAME | |
| Geographic name | England and Wales |
| Chronological subdivision | 1543- |
| 690 ## - LOCAL SUBJECT ADDED ENTRY--TOPICAL TERM (OCLC, RLIN) | |
| Topical term or geographic name as entry element | PROPERTY-RURAL AND NATURAL ASSETS-LAND |
| 856 40 - ELECTRONIC LOCATION AND ACCESS | |
| Uniform Resource Identifier | <a href="https://www.bailii.org/ew/cases/EWCA/Civ/2008/965.html">https://www.bailii.org/ew/cases/EWCA/Civ/2008/965.html</a> |
| Public note | View the case free of charge online at www.bailii.org... |
| 942 ## - ADDED ENTRY ELEMENTS (KOHA) | |
| Suppress in OPAC | 0 |
| Withdrawn status | Lost status | Source of classification or shelving scheme | Damaged status | Not for loan | Home library | Current library | Shelving location | Date acquired | Total Checkouts | Full call number | Barcode | Date last seen | Copy number | Price effective from | Koha item type |
|---|---|---|---|---|---|---|---|---|---|---|---|---|---|---|---|
| Dewey Decimal Classification | Virtual | Virtual | Online | 26/08/2008 | ONLINE PUBLICATION | 144940-1001 | 06/08/2019 | 1 | 06/08/2019 | Law report |